| 000 | 00875nam a2200325Ia 4500 | ||
|---|---|---|---|
| 001 | 11918 | ||
| 003 | IT-RoPAU | ||
| 008 | 130308s9999 xx 000 0 und d | ||
| 040 | _aIT-RoPAU | ||
| 040 | _cIT-RoPAU | ||
| 041 | _aOLANDESE | ||
| 100 | _aCollodi Carlo | ||
| 100 | _gCodice Aut. SPICS: 7904 | ||
| 245 | _aPinokkio | ||
| 245 | _bPinokkio | ||
| 250 | _a1a ed. | ||
| 260 | _aROMA | ||
| 260 | _bAve | ||
| 260 | _c1967 [1° Ed.:1967 - Ed.Ling.Originale:1964] | ||
| 300 | _a"256 p. (prefazione: no ; testo: 256)" | ||
| 500 | _aPinocchio di Collodi con Disegni di Jacovitti Benito Fumetto e Letteraturaracconto Illustrato per Ragazzi | ||
| 650 | _aAUTORI/OPERE DI FUMETTO | ||
| 650 | _eCodice materia Spics: 6707 | ||
| 700 | _aJacovitti Benito | ||
| 700 | _gCodice Aut. SPICS: 5263 | ||
| 942 | _cBK | ||
| 957 | _71 | ||
| 999 |
_c70234 _d70234 |
||
| 999 | _bSI | ||
| 999 | _g1 | ||